Movies Quiz

Random Movies or Cast Quiz
Score 0/40 Timer 05:00
4 Plays Today
Movie Cast % Correct
Ocean's 11 (2001)George Clooney...
96.9%
Pulp Fiction (1994)John Travolta...
96.3%
Saving Private Ryan (1998)Tom Hanks...
96%
The Departed (2006)Leonardo DiCaprio...
93.2%
The Expendables (2010)Sylvester Stallone...
88.4%
Sin City (2005)Bruce Willis...
87.2%
The Thin Red Line (1998)Nick Nolte...
86.7%
The Lord Of The Rings (2001-2003) Ian McKellen...
86.5%
Moonrise Kingdom (2012)Edward Norton...
84.7%
The Royal Tenenbaums (2001)Anjelica Huston...
83.7%
The Avengers (2012)Robert Downey Jr...
83.3%
Boogie Nights (1997)Mark Wahlberg...
83.3%
L.A. Confidential (1997)Kim Basinger...
79.4%
How the West Was Won (1962)Carroll Baker...
79.3%
The Player (1992)Tim Robbins...
77.9%
True Romance (1993)Christian Slater...
77.6%
The Usual Suspects (1995)Kevin Spacey...
77.4%
The Cannonball Run (1981)Burt Reynolds...
77%
Cold Mountain (2003) Jude Law...
75.4%
Bobby (2006)Anthony Hopkins...
75.2%
Movie Cast % Correct
Magnolia (1999)Julianne Moore...
75%
The Life Aquatic With Steve Zissou (2004)Bill Murray...
74.5%
Short Cuts (1993)Julianne Moore...
73.3%
Mars Attacks! (1996)Jack Nicholson...
72.7%
The Great Escape (1963)Steve McQueen...
72.6%
The Longest Day (1962)John Wayne...
72.1%
Reservoir Dogs (1992)Harvey Keitel...
70%
The Towering Inferno (1974)Paul Newman...
70%
The Magnificent Seven (1960)Yul Brynner...
66%
Crash (2004)Matt Dillon...
65.6%
Traffic (2000)Benecio Del Toro...
63.4%
A Bridge Too Far (1977)Sean Connery...
61.6%
Black Hawk Down (2001)Sam Shepard...
58.5%
Gosford Park (2001)Eileen Atkins...
51.9%
The Poseidon Adventure (1972)Gene Hackman...
51.4%
12 Angry Men (1957)Henry Fonda...
48.3%
The Dirty Dozen (1967)Lee Marvin...
47%
Clue (1985)Tim Curry...
44.6%
Murder On The Orient Express (1974)Albert Finney...
38.2%
Around the World in Eighty Days (1956)David Niven...
37.5%
Remove Ads.
Support Sporcle.
Get the best of Sporcle when you Go Orange. This ad-free experience offers more features, more stats, and more fun while also helping to support Sporcle. Thank you for becoming a member.

You're not logged in!

Compare scores with friends on all Sporcle quizzes.
OR
Log In

Show Comments

Extras

Top Quizzes Today


Score Distribution

Your Account Isn't Verified!

In order to create a playlist on Sporcle, you need to verify the email address you used during registration. Go to your Sporcle Settings to finish the process.

Report this User

Report this user for behavior that violates our Community Guidelines.

Details: